header

Radical pedagogy (Record no. 246954)

MARC details
000 -LEADER
fixed length control field 01373nam a2200337Ia 4500
082 04 - DEWEY DECIMAL CLASSIFICATION NUMBER
Classification number 370.115
100 1# - MAIN ENTRY--AUTHOR NAME
Personal name Bracher, Mark,
245 10 - TITLE STATEMENT
Title Radical pedagogy
260 ## - PUBLICATION, DISTRIBUTION, ETC. (IMPRINT)
Place of publication Basingstoke :
Name of publisher Palgrave Macmillan,
Year of publication 2006.
300 ## - PHYSICAL DESCRIPTION
Number of Pages xiv, 229 p.
490 1# - SERIES STATEMENT
Series statement Psychoanalysis, education, and social transformation
650 #0 - SUBJECT ADDED ENTRY--TOPICAL TERM
Topical Term Critical pedagogy.
Topical Term Education
Topical Term Identity (Psychology)
856 40 - ELECTRONIC LOCATION AND ACCESS
Uniform Resource Identifier http://site.ebrary.com/lib/rucke/Doc?id=10167433

No items available.

© 2026 Rongo University
Contact us: librarian | system librarian | Rongo university